[Event "16th ch-EUR Indiv w 2015"]
[Site "Chakvi GEO"]
[Date "2015.05.22"]
[Round "4.18"]
[White "Sedina, Elena"]
[Black "Gaponenko, Inna"]
[Result "1/2-1/2"]
[WhiteTitle "IM"]
[BlackTitle "IM"]
[WhiteElo "2312"]
[BlackElo "2391"]
[WhiteFideId "812153"]
[BlackFideId "14101181"]
[EventDate "2015.05.19"]

1. e4 c5 2. c3 Nf6 3. e5 Nd5 4. d4 cxd4 5. Nf3 e6 6. cxd4 d6 7. Bd3 Nc6 8. Nc3
Nxc3 9. bxc3 dxe5 10. dxe5 Qa5 11. O-O Nxe5 12. Nxe5 Qxe5 13. Re1 Qc7 14. Bb5+
Bd7 15. Bf4 Qc8 16. Bxd7+ Qxd7 17. Qh5 Be7 18. Rad1 Qc8 19. Be5 O-O 20. Rd3 f6
21. Rh3 fxe5 22. Qxh7+ Kf7 23. Qh5+ Kg8 24. Qh7+ Kf7 25. Qh5+ Kg8 26. Qh7+ 1/2-1/2

[Event "16th ch-EUR Indiv w 2015"]
[Site "Chakvi GEO"]
[Date "2015.05.22"]
[Round "4.19"]
[White "Guseva, Marina"]
[Black "Kursova, Maria"]
[Result "1-0"]
[WhiteTitle "IM"]
[BlackTitle "WGM"]
[WhiteElo "2391"]
[BlackElo "2267"]
[WhiteFideId "4149351"]
[BlackFideId "4129709"]
[EventDate "2015.05.19"]

1. d4 Nf6 2. c4 e6 3. Nc3 Bb4 4. Qc2 c5 5. dxc5 O-O 6. a3 Bxc5 7. Nf3 b6 8. Bf4
Bb7 9. Rd1 Nh5 10. Bg5 Be7 11. h4 h6 12. g4 Nf6 13. Bxf6 Bxf6 14. Ne4 Bxe4 15.
Qxe4 Nc6 16. Rd2 Be7 17. e3 Qe8 18. h5 Rd8 19. Bd3 f5 20. gxf5 Rxf5 21. Qg4 Ne5
22. Nxe5 Rxe5 23. Ke2 Bf6 24. b4 Rg5 25. Qh3 e5 26. Bg6 Rxg6 27. hxg6 Qxg6 28.
Qf3 e4 29. Qh5 Qg2 30. Rdd1 Rc8 31. Rhg1 Qf3+ 32. Qxf3 exf3+ 33. Kxf3 Rxc4 34.
Rxd7 a5 35. Rg4 1-0

[Event "16th ch-EUR Indiv w 2015"]
[Site "Chakvi GEO"]
[Date "2015.05.22"]
[Round "4.20"]
[White "Ushenina, Anna"]
[Black "Isgandarova, Khayala"]
[Result "1-0"]
[WhiteTitle "GM"]
[BlackTitle "WIM"]
[WhiteElo "2467"]
[BlackElo "2243"]
[WhiteFideId "14110911"]
[BlackFideId "13401823"]
[EventDate "2015.05.19"]

1. d4 Nf6 2. Bg5 d5 3. e3 e6 4. Nd2 c5 5. c3 Nc6 6. Ngf3 h6 7. Bh4 Be7 8. Bd3
O-O 9. O-O Nd7 10. Bg3 f5 11. h3 Nf6 12. Ne5 Bd7 13. Ng6 Rf7 14. dxc5 Bxc5 15.
b4 Bb6 16. b5 Ne7 17. Ne5 Rf8 18. a4 Ba5 19. Rc1 Rc8 20. c4 Bb4 21. Nb3 dxc4 22.
Nxc4 Ned5 23. Nd4 Qe7 24. Qb3 Nh5 25. Be5 Bc5 26. Nf3 Nb4 27. Bb1 a6 28. Na3 Nd5
29. Nc2 axb5 30. axb5 Ra8 31. Ncd4 Rfc8 32. Nxf5 exf5 33. Qxd5+ Be6 34. Qd2 Rd8
35. Qe2 f4 36. Qc2 1-0

[Event "16th ch-EUR Indiv w 2015"]
[Site "Chakvi GEO"]
[Date "2015.05.22"]
[Round "4.22"]
[White "Abdulla, Khayala"]
[Black "Ziaziulkina, Nastassia"]
[Result "1-0"]
[WhiteTitle "WIM"]
[BlackTitle "IM"]
[WhiteElo "2266"]
[BlackElo "2423"]
[WhiteFideId "13401807"]
[BlackFideId "13505211"]
[EventDate "2015.05.19"]

1. e4 c5 2. Nf3 d6 3. d4 cxd4 4. Nxd4 Nf6 5. Nc3 a6 6. Be2 e6 7. O-O Be7 8. f4
O-O 9. Kh1 Qc7 10. a4 Nc6 11. Be3 Re8 12. Bf3 Rb8 13. Qd2 Bd7 14. Nb3 b6 15. Qf2
Bc8 16. e5 Nd7 17. exd6 Bxd6 18. Ne4 Be7 19. c3 Nf6 20. Nxf6+ Bxf6 21. Nd2 b5
22. Ne4 Be7 23. axb5 axb5 24. b4 Bd7 25. Be2 Bc8 26. Bc5 Rd8 27. Rad1 Rd5 28.
Qg3 Bb7 29. Bxb5 Nxb4 30. Bxb4 Rxd1 31. Rxd1 Bxe4 32. Bxe7 Qxe7 33. c4 Rd8 34.
Qe1 Rxd1 35. Qxd1 h6 36. Qg4 Qb4 37. h3 Bd3 38. Qf3 Qe1+ 39. Kh2 Be4 40. Qg3 Qe2
41. Kg1 Qd1+ 42. Kh2 Qf1 43. h4 Qe2 44. Kg1 Qd1+ 45. Kh2 Qc2 46. Qg4 Qf2 47. Qg3
Qd4 48. Qe1 Kh8 49. Qe2 f5 50. Kg3 Qc3+ 51. Kh2 Qd4 52. Kg3 e5 53. Qf2 exf4+ 54.
Qxf4 Qb2 55. Qf1 f4+ 56. Kh2 f3 57. Bd7 Qe5+ 58. g3 Qd4 59. Bg4 f2 60. Be2 Qe3
61. Qd1 Kh7 62. Bf1 Bf5 63. Qe2 Qc5 64. Kg2 Qc8 65. Kxf2 Qc6 66. Qe5 Be4 67. Ke3
Bg6 68. Bd3 Qb6+ 69. c5 Qb3 70. Qd6 Bf5 71. g4 Qc3 72. gxf5 Qe1+ 1-0

[Event "16th ch-EUR Indiv w 2015"]
[Site "Chakvi GEO"]
[Date "2015.05.22"]
[Round "4.24"]
[White "Matveeva, Svetlana"]
[Black "Mamedjarova, Zeinab"]
[Result "1/2-1/2"]
[WhiteTitle "IM"]
[BlackTitle "WGM"]
[WhiteElo "2380"]
[BlackElo "2235"]
[WhiteFideId "4119827"]
[BlackFideId "13401521"]
[EventDate "2015.05.19"]

1. d4 f5 2. g3 Nf6 3. Bg2 g6 4. Nc3 Bg7 5. e4 fxe4 6. Nxe4 O-O 7. Nxf6+ exf6 8.
Ne2 d5 9. Nf4 Re8+ 10. Be3 c6 11. O-O Na6 12. c4 Nc7 13. cxd5 g5 14. d6 Qxd6 15.
Qb3+ Kh8 16. Nh5 Bh6 17. d5 Bg4 18. Bc5 Qxc5 19. Nxf6 Bf5 20. Nxe8 Rxe8 21. Rac1
Qe7 22. Qxb7 Nxd5 23. Qxc6 Nf6 24. Rce1 Be6 25. Re2 Bd7 26. Rxe7 Bxc6 27. Rfe1
Bf8 28. Rxe8 Bxe8 29. Re5 Bb4 30. Rxg5 h6 31. Re5 Kg7 32. a3 Bd6 33. Ra5 Bb8 34.
Rc5 Kf7 35. b4 Ke7 36. Rc8 Be5 37. Bc6 Bf7 38. Kg2 Be6 39. Ra8 Bd4 40. h3 Nd5
41. b5 Nc3 42. Rb8 Kd6 43. f4 h5 44. Bf3 Bb6 45. Rh8 Nxb5 46. a4 Nd4 47. Be4 Bb3
48. Rh6+ Kc5 49. a5 Bxa5 50. Rxh5+ Kb6 51. Rh7 Nb5 52. Rb7+ Kc5 53. h4 Bc3 54.
h5 a5 55. h6 a4 56. Rb8 a3 57. Rc8+ Kb4 58. Rxc3 Nxc3 59. h7 a2 60. h8=Q a1=Q
61. Qf8+ Kc4 62. Qf7+ Kd4 63. Qxb3 Nxe4 1/2-1/2

[Event "16th ch-EUR Indiv w 2015"]
[Site "Chakvi GEO"]
[Date "2015.05.22"]
[Round "4.25"]
[White "Kiolbasa, Oliwia"]
[Black "Schleining, Zoya"]
[Result "0-1"]
[WhiteTitle "WFM"]
[BlackTitle "WGM"]
[WhiteElo "2223"]
[BlackElo "2375"]
[WhiteFideId "1154613"]
[BlackFideId "4671660"]
[EventDate "2015.05.19"]

1. e4 e5 2. Nf3 Nf6 3. Nxe5 d6 4. Nf3 Nxe4 5. d4 d5 6. Bd3 Nc6 7. O-O Be7 8. Nc3
Nxc3 9. bxc3 Bg4 10. Re1 O-O 11. Bf4 Bd6 12. Bxd6 cxd6 13. Rb1 b6 14. Ba6 Qd7
15. Qd3 Bf5 16. Qd2 Na5 17. Nh4 Be6 18. Qg5 Qd8 19. Qg3 Qf6 20. Re3 h6 21. Bd3
Nc4 22. Bxc4 dxc4 23. Rb5 Rfe8 24. h3 d5 25. Nf3 Qf5 26. Rb2 f6 27. Nh4 Qg5 28.
Ng6 Qxg3 29. fxg3 Bf7 30. Ne7+ Kf8 31. Nf5 Bg6 32. Rxe8+ Rxe8 33. Nh4 Be4 34.
Kf2 g5 35. Nf3 Kg7 36. Ne1 h5 37. Nf3 Re6 38. Nh2 Kg6 39. Nf1 f5 40. Ne3 f4 41.
Nf1 Rf6 42. gxf4 gxf4 43. a4 Kf5 44. Nd2 Rg6 45. Nxe4 Kxe4 46. Rb1 Rg3 47. Re1+
Re3 48. Re2 h4 49. Kf1 f3 50. gxf3+ Kxf3 51. Rf2+ Kg3 52. Rg2+ Kxh3 53. Rg5 Rxc3
54. Rxd5 Rxc2 55. Rd7 Rd2 56. d5 c3 57. Ke1 Rd4 58. Rc7 Rxd5 59. Rxc3+ Kg2 60.
Rc2+ Kg1 61. Ke2 Kg2 62. Ke3+ Kg3 63. Rc7 Re5+ 64. Kd4 Ra5 65. Rg7+ Kh2 66. Ke3
Rxa4 67. Kf2 h3 68. Kf3 Ra3+ 69. Kf2 a5 70. Rb7 Rb3 71. Ra7 Rb4 72. Rc7 Rb2+ 73.
Kf3 a4 0-1

[Event "16th ch-EUR Indiv w 2015"]
[Site "Chakvi GEO"]
[Date "2015.05.22"]
[Round "4.26"]
[White "Guramishvili, Sopiko"]
[Black "Mikadze, Miranda"]
[Result "1/2-1/2"]
[WhiteTitle "IM"]
[BlackTitle "WIM"]
[WhiteElo "2370"]
[BlackElo "2233"]
[WhiteFideId "13602888"]
[BlackFideId "13603108"]
[EventDate "2015.05.19"]

1. d4 d5 2. c4 c6 3. Nc3 Nf6 4. e3 Bf5 5. cxd5 cxd5 6. Qb3 Nc6 7. Qxb7 Bd7 8.
Qb3 Rb8 9. Qd1 e5 10. Nf3 Bd6 11. dxe5 Nxe5 12. Nd4 Ne4 13. Nxe4 dxe4 14. Be2
O-O 15. O-O Qh4 16. g3 Qh3 17. f4 exf3 18. Nxf3 Nxf3+ 19. Bxf3 Be5 20. Rf2 Be6
21. Bg2 Qh6 22. e4 Qg6 23. Bf4 Bxb2 24. Bxb8 Bxa1 25. Bxa7 Be5 26. Be3 h5 27.
Bf4 Bg4 28. Qd2 Bf6 29. Qb4 Rc8 30. Rf1 h4 31. e5 Bd8 32. Be3 hxg3 33. hxg3 Be6
34. Bf2 Bxa2 35. Qa4 Qe6 36. Re1 Bb6 37. Qf4 Rc2 38. Bxb6 Qxb6+ 39. Qe3 Qb2 40.
Qe4 Qb6+ 41. Qe3 Qb2 42. Qe4 Qb6+ 1/2-1/2

[Event "16th ch-EUR Indiv w 2015"]
[Site "Chakvi GEO"]
[Date "2015.05.22"]
[Round "4.27"]
[White "Mammadzada, Gunay"]
[Black "Khomeriki, Nino"]
[Result "1-0"]
[WhiteTitle "WGM"]
[BlackTitle "WFM"]
[WhiteElo "2336"]
[BlackElo "2228"]
[WhiteFideId "13403729"]
[BlackFideId "13603191"]
[EventDate "2015.05.19"]

1. e4 e6 2. d4 d5 3. Nd2 Nf6 4. e5 Nfd7 5. Bd3 c5 6. c3 Nc6 7. Ne2 cxd4 8. cxd4
f6 9. exf6 Nxf6 10. Nf3 Bd6 11. O-O Qc7 12. Bd2 O-O 13. Rc1 Ng4 14. Ng3 g6 15.
Bc3 Qg7 16. Qe2 Bf4 17. Rce1 Bd7 18. h3 Nh6 19. b4 a6 20. a4 Bd6 21. Rb1 Rac8
22. b5 axb5 23. axb5 Ne7 24. Bb4 Bxb4 25. Rxb4 Nf7 26. Ne5 Nxe5 27. dxe5 Qh6 28.
f4 Qh4 29. Qe1 Nf5 30. Bxf5 gxf5 31. Ne2 Qxe1 32. Rxe1 Rc4 33. Rxc4 dxc4 34. Nc3
Kf7 35. Ra1 Ke7 36. Ra7 Rb8 37. Kf2 Kd8 38. Ra4 Rc8 39. Ke3 Rc5 40. Kd4 b6 41.
Ra8+ Bc8 42. g4 Kc7 43. Ra4 fxg4 44. hxg4 Bb7 45. f5 Bf3 46. f6 Kd7 47. Ra7+ Ke8
48. g5 Rc8 49. Rxh7 1-0

[Event "16th ch-EUR Indiv w 2015"]
[Site "Chakvi GEO"]
[Date "2015.05.22"]
[Round "4.28"]
[White "Ovod, Evgenija"]
[Black "Hojjatova, Aydan"]
[Result "1-0"]
[WhiteTitle "IM"]
[BlackTitle "WFM"]
[WhiteElo "2320"]
[BlackElo "2168"]
[WhiteFideId "4131827"]
[BlackFideId "13401491"]
[EventDate "2015.05.19"]

1. d4 Nf6 2. Bg5 Ne4 3. Bf4 d5 4. e3 c5 5. Bd3 Nf6 6. dxc5 Nc6 7. Nf3 Bg4 8. Bb5
e6 9. b4 a5 10. c3 Nd7 11. a3 Be7 12. Qb3 O-O 13. Nbd2 Bf6 14. O-O Re8 15. h3
Bh5 16. Rac1 Bg6 17. c4 Na7 18. Bxd7 Qxd7 19. Be5 Nc6 20. Bxf6 gxf6 21. Rfd1
axb4 22. axb4 Red8 23. cxd5 exd5 24. b5 Ne5 25. Nd4 Rdc8 26. Rc3 Bh5 27. Rdc1
Rab8 28. Nf1 Kh8 29. Ng3 Bg6 30. f4 Nc4 31. f5 Qc7 32. Nde2 1-0

[Event "16th ch-EUR Indiv w 2015"]
[Site "Chakvi GEO"]
[Date "2015.05.22"]
[Round "4.29"]
[White "Charkhalashvili, Inga"]
[Black "Jalaghonia, Nino"]
[Result "1-0"]
[WhiteTitle "WGM"]
[BlackTitle "WFM"]
[WhiteElo "2318"]
[BlackElo "1865"]
[WhiteFideId "13601431"]
[BlackFideId "13605895"]
[EventDate "2015.05.19"]

1. d4 Nf6 2. c4 e6 3. Nf3 b6 4. g3 Bb4+ 5. Bd2 Be7 6. Bg2 c6 7. O-O d5 8. b3 Ba6
9. Bc3 O-O 10. Nbd2 Nbd7 11. Ne5 Nxe5 12. dxe5 Ne8 13. Bb2 Rc8 14. Rc1 f5 15.
Nf3 Qd7 16. Nd4 Kh8 17. cxd5 cxd5 18. Rxc8 Qxc8 19. Qd2 Qd7 20. Rc1 Bb7 21. e3
g5 22. Bf1 a6 23. Qc3 Ng7 24. Qc7 Bc8 25. Qxb6 f4 26. Bxa6 Bxa6 27. Qxa6 Bd8 28.
Ba3 Re8 29. Bd6 Qf7 30. Qe2 Nf5 31. Nxf5 exf5 32. exf4 gxf4 33. Qf3 fxg3 34.
hxg3 Rg8 35. Rd1 Bb6 36. e6 Qxe6 37. Qxd5 Qxd5 38. Rxd5 Rd8 39. Be5+ Kg8 40. Rb5
Bd4 41. Bxd4 Rxd4 42. Rxf5 Rd2 43. a4 Ra2 44. a5 Kg7 45. b4 Kg6 46. Rb5 Kg7 47.
Rb6 1-0

[Event "16th ch-EUR Indiv w 2015"]
[Site "Chakvi GEO"]
[Date "2015.05.22"]
[Round "4.30"]
[White "Daulyte, Deimante"]
[Black "Imnadze, Nato"]
[Result "0-1"]
[WhiteTitle "IM"]
[BlackTitle "WIM"]
[WhiteElo "2402"]
[BlackElo "2196"]
[WhiteFideId "12802859"]
[BlackFideId "13600974"]
[EventDate "2015.05.19"]

1. e4 e5 2. Nf3 Nc6 3. Bb5 a6 4. Ba4 Nge7 5. Bb3 Ng6 6. d4 exd4 7. O-O Be7 8.
Nxd4 d6 9. Nxc6 bxc6 10. Nc3 O-O 11. Be3 Bf6 12. Qd2 Qe7 13. Rfe1 a5 14. Rad1
Ne5 15. f4 Ng6 16. Bf2 Bg4 17. Rb1 Bd7 18. g3 h5 19. h4 Rfb8 20. a3 Bg4 21. Bc4
Re8 22. Qd3 Kh8 23. Ba2 Qd7 24. Nd1 Rab8 25. Bb3 Rbd8 26. Ne3 Bxh4 27. Nxg4 Nxf4
28. gxf4 Qxg4+ 29. Kf1 Bxf2 30. Kxf2 Qxf4+ 31. Qf3 Qh4+ 32. Kg2 Re5 33. Rh1 Qg5+
34. Kf1 d5 35. Rg1 Qe7 36. Re1 Rd6 37. Ke2 g6 38. Qc3 Kh7 39. Kd1 Rxe4 40. Rxe4
Qxe4 41. Re1 Qg4+ 42. Kc1 a4 43. Rf1 Kg8 44. Qe5 f6 45. Qe8+ Kg7 46. Qe7+ Kh6
47. Qe3+ Qg5 48. Qxg5+ Kxg5 49. Bxa4 h4 50. c3 f5 51. Bd1 h3 52. Kd2 Kh4 53. a4
Kg3 54. Bf3 g5 55. a5 g4 56. Bh1 Kh2 57. Bf3 gxf3 58. Rxf3 Kg2 59. Rxf5 Rh6 60.
a6 h2 61. a7 Rh8 62. Rg5+ Kh3 63. Rh5+ Rxh5 64. a8=Q h1=Q 65. Qc8+ Kh2 66. Qxc7+
Kg1 67. Qa7+ Kf1 68. Qf7+ Kg2 69. Qg6+ Kf2 70. Qf6+ Qf3 71. Qd4+ Kg3 0-1

[Event "16th ch-EUR Indiv w 2015"]
[Site "Chakvi GEO"]
[Date "2015.05.22"]
[Round "4.31"]
[White "Atalik, Ekaterina"]
[Black "Hairapetian, Anna"]
[Result "1-0"]
[WhiteTitle "IM"]
[BlackTitle "WIM"]
[WhiteElo "2392"]
[BlackElo "2192"]
[WhiteFideId "4130189"]
[BlackFideId "13303554"]
[EventDate "2015.05.19"]

1. d4 d5 2. c4 e6 3. Nc3 Nf6 4. Nf3 Be7 5. Qc2 O-O 6. cxd5 Nxd5 7. e4 Nxc3 8.
bxc3 c5 9. Be2 cxd4 10. cxd4 b6 11. O-O Bb7 12. Be3 Nc6 13. Rad1 Rc8 14. Qb1 Na5
15. d5 exd5 16. exd5 Qd6 17. Qe4 f5 18. Qe6+ Qxe6 19. dxe6 Rf6 20. Rd7 Rxe6 21.
Nd4 Rg6 22. g3 Bf8 23. Nxf5 Rf6 24. Bg4 h5 25. Bh3 Rc2 26. Nd4 Rc3 27. Nb5 Rc2
28. Nd4 Rc3 29. Nb5 Rc2 30. Nxa7 Ba6 31. Re1 Bc5 32. Bxc5 bxc5 33. f4 Bc4 34.
Nc8 Kh7 35. Nd6 Re2 36. Rxe2 Bxe2 37. Bf5+ Rxf5 38. Nxf5 Kg6 39. Ne3 Bf3 40. Rc7
Nc6 41. Kf2 Be4 42. Nc4 Kf6 43. Ne5 Nb4 44. a3 Nd5 45. Rxc5 g5 46. Nc4 gxf4 47.
Nd2 fxg3+ 48. hxg3 Bh1 49. Rc1 1-0

[Event "16th ch-EUR Indiv w 2015"]
[Site "Chakvi GEO"]
[Date "2015.05.22"]
[Round "4.32"]
[White "Mammadova, Gulnar"]
[Black "Topel, Zehra"]
[Result "1-0"]
[WhiteTitle "WGM"]
[BlackTitle "WIM"]
[WhiteElo "2293"]
[BlackElo "2179"]
[WhiteFideId "13403508"]
[BlackFideId "6302661"]
[EventDate "2015.05.19"]

1. c4 Nf6 2. Nc3 g6 3. g3 Bg7 4. Bg2 d6 5. d3 c6 6. e4 e5 7. Nf3 O-O 8. O-O h6
9. Rb1 Be6 10. b3 Ne8 11. d4 exd4 12. Nxd4 c5 13. Nxe6 fxe6 14. e5 Nc6 15. Bxc6
bxc6 16. Ne4 Bxe5 17. Bxh6 Ng7 18. Qg4 Qe8 19. Qe2 Rf7 20. Bxg7 Kxg7 21. Nxc5
Rf5 22. Ne4 Rh5 23. f4 Bd4+ 24. Kg2 d5 25. Ng5 e5 26. Qg4 Kh6 27. Ne6 Qd7 28. f5
Rg8 29. fxg6 dxc4 30. bxc4 c5 31. h4 Qc6+ 32. Kh3 Rxg6 33. Rf6 Qe8 34. Rb8 1-0

[Event "16th ch-EUR Indiv w 2015"]
[Site "Chakvi GEO"]
[Date "2015.05.22"]
[Round "4.33"]
[White "Stetsko, Lanita"]
[Black "Vakhania, Alexandra"]
[Result "1-0"]
[WhiteTitle "FM"]
[WhiteElo "2286"]
[BlackElo "2130"]
[WhiteFideId "13505300"]
[BlackFideId "13602560"]
[EventDate "2015.05.19"]

1. e4 c6 2. d4 d5 3. Nc3 b5 4. e5 Bf5 5. g4 Bd7 6. Be3 e6 7. h4 h5 8. gxh5 Be7
9. Qg4 Kf8 10. Nf3 f5 11. exf6 Nxf6 12. Qg2 Nxh5 13. Ne5 Be8 14. Bd3 Bf6 15.
Ng6+ Bxg6 16. Bxg6 c5 17. Qf3 cxd4 18. Bxd4 b4 19. Ne2 Nd7 20. Bxh5 e5 21. Be3
e4 22. Qf5 Ne5 23. Bc5+ Kg8 24. Qe6+ Kh7 25. Nf4 Qc8 26. Qxd5 Qf5 27. Bg6+ 1-0

[Event "16th ch-EUR Indiv w 2015"]
[Site "Chakvi GEO"]
[Date "2015.05.22"]
[Round "4.34"]
[White "Gavasheli, Ana"]
[Black "Umudova, Nargiz"]
[Result "0-1"]
[WhiteTitle "WIM"]
[BlackTitle "WIM"]
[WhiteElo "2122"]
[BlackElo "2275"]
[WhiteFideId "13602586"]
[BlackFideId "13402137"]
[EventDate "2015.05.19"]

1. d4 Nf6 2. c4 e6 3. Nc3 Bb4 4. e3 b6 5. Ne2 c5 6. a3 Ba5 7. Rb1 Na6 8. g3 Bb7
9. d5 b5 10. Nf4 g5 11. cxb5 gxf4 12. bxa6 Bxd5 13. f3 fxg3 14. hxg3 Qb8 15. Kd2
Qxg3 16. Rh3 Qe5 17. Qa4 Bb6 18. e4 Bc6 19. Qd1 d5 20. exd5 Nxd5 21. Nxd5 O-O-O
22. Qe2 Rxd5+ 23. Ke1 Qf5 0-1

[Event "16th ch-EUR Indiv w 2015"]
[Site "Chakvi GEO"]
[Date "2015.05.22"]
[Round "4.35"]
[White "Ibrahimova, Sabina"]
[Black "Santeramo, Alessia"]
[Result "1/2-1/2"]
[WhiteTitle "WIM"]
[BlackTitle "WFM"]
[WhiteElo "2272"]
[BlackElo "2118"]
[WhiteFideId "13403893"]
[BlackFideId "850810"]
[EventDate "2015.05.19"]

1. e4 e5 2. Nf3 Nc6 3. Bb5 a6 4. Ba4 Nf6 5. O-O Be7 6. Re1 b5 7. Bb3 d6 8. c3
O-O 9. h3 Na5 10. Bc2 c5 11. d4 Qc7 12. d5 Bd7 13. Nbd2 c4 14. Nf1 Nb7 15. Ng3
g6 16. Bg5 a5 17. Nh4 Rfe8 18. Qd2 b4 19. f4 bxc3 20. bxc3 Kg7 21. Rf1 Ng8 22.
Bxe7 Rxe7 23. fxe5 Rxe5 24. Nf3 Re7 25. Rab1 f6 26. Qd4 Nd8 27. Qb6 Be8 28. Nd4
Nh6 29. Qxc7 Rxc7 30. Rb6 Nhf7 31. Nge2 Raa7 32. Ne6+ Nxe6 33. dxe6 Ne5 34. Rxd6
Rc6 35. Rxc6 Bxc6 36. Nd4 Rb7 37. Nxc6 Nxc6 38. Rd1 Kf8 39. Ba4 Ne5 40. Rd5 Ra7
41. Rd6 Ke7 42. Rb6 Nd3 43. Bb5 Rc7 44. Kf1 Nc5 45. Rc6 Rxc6 46. Bxc6 Kxe6 47.
Ke2 Ke5 48. Ke3 g5 49. g3 h6 50. Kf3 Nd3 51. Ke3 Nc5 52. Kf3 Nd3 53. Ke3 Nc5 1/2-1/2

[Event "16th ch-EUR Indiv w 2015"]
[Site "Chakvi GEO"]
[Date "2015.05.22"]
[Round "4.36"]
[White "Kazimova, Narmin"]
[Black "Mammadova, Narmin"]
[Result "0-1"]
[WhiteTitle "WGM"]
[BlackTitle "WCM"]
[WhiteElo "2259"]
[BlackElo "2117"]
[WhiteFideId "13402951"]
[BlackFideId "13403710"]
[EventDate "2015.05.19"]

1. Nf3 d5 2. g3 Nf6 3. Bg2 g6 4. d3 Bg7 5. Nbd2 c5 6. O-O O-O 7. Nb3 Nbd7 8. c4
d4 9. e3 e5 10. exd4 cxd4 11. Bd2 a5 12. a4 Re8 13. Qc2 Nb8 14. Ng5 Nc6 15. Rfe1
h6 16. Ne4 Nxe4 17. Bxe4 f5 18. Bg2 Kh7 19. Qd1 Qb6 20. h4 Be6 21. Rc1 Rac8 22.
Bxc6 bxc6 23. Bxa5 Qa7 24. Bd2 Rb8 25. a5 Bd7 26. Ra1 e4 27. Bf4 Rbd8 28. Bd6 e3
29. Qf3 Rc8 30. Bc5 Qb8 31. Bb6 Be5 32. Kg2 f4 33. gxf4 Rf8 34. Nxd4 exf2 35.
Qxf2 Rxf4 0-1

[Event "16th ch-EUR Indiv w 2015"]
[Site "Chakvi GEO"]
[Date "2015.05.22"]
[Round "4.37"]
[White "Korenova, Martina"]
[Black "Ghukasyan, Siranush"]
[Result "1/2-1/2"]
[WhiteTitle "WIM"]
[WhiteElo "2241"]
[BlackElo "2100"]
[WhiteFideId "302805"]
[BlackFideId "13300946"]
[EventDate "2015.05.19"]

1. e4 e5 2. Nf3 Nc6 3. Bc4 Bc5 4. c3 Nf6 5. d4 exd4 6. cxd4 Bb4+ 7. Nc3 Nxe4 8.
O-O Bxc3 9. d5 Bf6 10. Re1 Ne7 11. Rxe4 d6 12. Bg5 Bxg5 13. Nxg5 h6 14. Qa4+ Bd7
15. Qb3 O-O 16. Rae1 hxg5 17. Rxe7 b6 18. Bb5 Bxb5 19. Qxb5 Rc8 20. Qc4 f5 21.
g4 Rf7 22. Qe2 g6 23. b4 f4 24. b5 Qf8 25. Rxf7 Qxf7 26. Qe7 Rf8 1/2-1/2

[Event "16th ch-EUR Indiv w 2015"]
[Site "Chakvi GEO"]
[Date "2015.05.22"]
[Round "4.38"]
[White "Mammadova, Aysel"]
[Black "Belenkaya, Dina"]
[Result "1/2-1/2"]
[BlackTitle "WFM"]
[WhiteElo "1862"]
[BlackElo "2235"]
[WhiteFideId "13402161"]
[BlackFideId "24142654"]
[EventDate "2015.05.19"]

1. e4 c6 2. d4 d5 3. Nc3 dxe4 4. Nxe4 Bf5 5. Ng3 Bg6 6. Nf3 Nd7 7. Bd3 Bxd3 8.
Qxd3 Ngf6 9. O-O e6 10. Bd2 Be7 11. c4 O-O 12. Bc3 Qc7 13. Rfe1 Rfe8 14. Ne5
Rad8 15. Qf3 Bd6 16. b4 Nf8 17. h4 Qe7 18. Rab1 Bb8 19. b5 N6d7 20. h5 h6 21.
bxc6 Nxe5 22. dxe5 bxc6 23. Qxc6 Qa3 24. Qf3 Nd7 25. Ne4 Nf8 26. Qe2 Kh8 27.
Red1 Qe7 28. Qb2 Rxd1+ 29. Rxd1 Rd8 30. Qc2 Kg8 1/2-1/2

[Event "16th ch-EUR Indiv w 2015"]
[Site "Chakvi GEO"]
[Date "2015.05.22"]
[Round "4.39"]
[White "Khurtsilava, Inga"]
[Black "Tskhadadze, Anna"]
[Result "1/2-1/2"]
[WhiteTitle "WGM"]
[WhiteElo "2212"]
[BlackElo "1938"]
[WhiteFideId "13600419"]
[BlackFideId "4165098"]
[EventDate "2015.05.19"]

1. d4 d5 2. Nf3 Nf6 3. Bf4 e6 4. e3 Bd6 5. Bg3 O-O 6. Bd3 b6 7. Nbd2 c5 8. c3
Nc6 9. Ne5 Qc7 10. f4 Ne7 11. Bh4 Ng6 12. Bxf6 gxf6 13. Ng4 Qe7 14. O-O f5 15.
Nf2 Kh8 16. g3 Rg8 17. Qh5 c4 18. Bc2 Bd7 19. Kh1 Rg7 20. Nf3 f6 21. Nh4 Nxh4
22. Qxh4 Rag8 23. Rg1 Qf8 24. g4 fxg4 25. Nxg4 f5 26. Ne5 Rxg1+ 27. Rxg1 Rxg1+
28. Kxg1 Bxe5 29. fxe5 Qg7+ 30. Kf2 h6 31. Qd8+ Kh7 32. Bd1 Qf7 33. h4 Be8 34.
Kg3 Qd7 35. Qf6 b5 36. Kf4 Qf7 37. Bf3 Qd7 38. Qf8 Qf7 39. Qxf7+ Bxf7 40. Bxd5
exd5 41. Kxf5 Kg7 42. e6 Bg6+ 43. Ke5 Be4 44. Kd6 Kf8 45. Kd7 Bf5 46. Kd6 Be4
47. Kd7 Bf5 48. Kd6 Be4 49. Kd7 Bf5 1/2-1/2

[Event "16th ch-EUR Indiv w 2015"]
[Site "Chakvi GEO"]
[Date "2015.05.22"]
[Round "4.40"]
[White "Choladze, Mariam"]
[Black "Petrenko, Svetlana"]
[Result "0-1"]
[BlackTitle "IM"]
[WhiteElo "1989"]
[BlackElo "2207"]
[WhiteFideId "13600931"]
[BlackFideId "13900196"]
[EventDate "2015.05.19"]

1. e4 g6 2. d4 Bg7 3. Nc3 c6 4. f4 d5 5. e5 Nh6 6. Nf3 O-O 7. Be3 b5 8. Bd3 a5
9. h3 f5 10. exf6 exf6 11. O-O Na6 12. a4 b4 13. Ne2 Nf5 14. Bxf5 Bxf5 15. Ng3
Be4 16. f5 Re8 17. Qd2 Qd6 18. Bf4 Qd7 19. fxg6 hxg6 20. Nh2 f5 21. Nf3 Bxf3 22.
Rxf3 c5 23. Be5 Bxe5 24. dxe5 Rxe5 25. h4 Nc7 26. h5 Ne6 27. hxg6 Nd4 28. Rd3
Ra6 29. Qg5 Qe7 30. Qh5 f4 31. Qh7+ Qxh7 32. gxh7+ Kxh7 33. Nf1 Rg6 34. c3 Nc2
35. Rad1 d4 36. cxd4 Nxd4 37. R1d2 f3 38. Ne3 Rge6 39. Ng4 Re1+ 40. Kh2 R6e2 0-1

[Event "16th ch-EUR Indiv w 2015"]
[Site "Chakvi GEO"]
[Date "2015.05.22"]
[Round "4.41"]
[White "Baraeva, Marina"]
[Black "Tevzadze, Mariam"]
[Result "0-1"]
[WhiteTitle "WIM"]
[WhiteElo "2204"]
[BlackElo "1834"]
[WhiteFideId "24142573"]
[BlackFideId "13605470"]
[EventDate "2015.05.19"]

1. d4 f5 2. g3 Nf6 3. Bg2 g6 4. Nf3 Bg7 5. O-O O-O 6. b3 d6 7. Bb2 c6 8. c4 a5
9. Nbd2 Re8 10. Qc2 Qc7 11. Rfe1 Na6 12. Rad1 e5 13. dxe5 dxe5 14. e4 Nb4 15.
Qb1 fxe4 16. Nxe5 Bf5 17. a3 e3 18. Ne4 Nxe4 19. Bxe4 Bxe4 20. Qxe4 Bxe5 21. Qb1
exf2+ 22. Kxf2 Bxb2 23. Qxb2 Qf7+ 24. Kg2 Rxe1 25. Rxe1 Nd3 0-1